Tuyển tập truyện viết cho thiếu nhi từ sau cách mạng tháng Tám /
Guardado en:
| Otros Autores: | , , |
|---|---|
| Formato: | Sách giấy |
| Lenguaje: | Vietnamese |
| Publicado: |
Hà Nội :
Giáo dục ,
2000
|
| Etiquetas: |
Agregar Etiqueta
Sin Etiquetas, Sea el primero en etiquetar este registro!
|
| Thư viện lưu trữ: | Thư viện Trường Đại học Đà Lạt |
|---|
| LEADER | 00665nam a2200265 4500 | ||
|---|---|---|---|
| 001 | DLU020017690 | ||
| 005 | ##4/20/2001 | ||
| 020 | # | # | |a 978- |
| 041 | # | # | |a vie |
| 082 | # | # | |a 808.068 |b Tuy |
| 245 | # | # | |a Tuyển tập truyện viết cho thiếu nhi từ sau cách mạng tháng Tám / |c Hà Ân, Văn Biển, Vũ Cao, ... |
| 260 | # | # | |a Hà Nội : |b Giáo dục , |c 2000 |
| 300 | # | # | |a 452 tr.; |c 24 cm. |
| 700 | # | # | |a Hà Ân |
| 700 | # | # | |a Văn Biển |
| 700 | # | # | |a Vũ Cao |
| 992 | # | # | |a 28000 |
| 994 | # | # | |a DLU |
| 900 | # | # | |a False |
| 911 | # | # | |a Administrator |
| 925 | # | # | |a G |
| 926 | # | # | |a A |
| 927 | # | # | |a SH |
| 980 | # | # | |a Thư viện Trường Đại học Đà Lạt |